| 000 | 01095cam a22003377a 4500 | ||
|---|---|---|---|
| 003 | CHAP | ||
| 005 | 20220817041039.0 | ||
| 008 | 971013s1990 r 00010 d | ||
| 010 | _a5284 | ||
| 011 | _a6256 | ||
| 035 | _a5476 | ||
| 040 | _cCHAP | ||
| 082 |
_a631.7 _bF5y v.5 |
||
| 110 | _aFAO | ||
| 245 | 0 |
_aManual de campo para la ordenación cuencas hidrográficas _b: diseño y construcción de caminos en cuencas hidrográficas frágiles |
|
| 260 |
_aRoma : _bFAO, _c1990 |
||
| 300 |
_a234 p. _b: ilus. |
||
| 490 | 0 |
_aFAO. Guías de conservación _v; 13/5 |
|
| 500 | _aTít. varía | ||
| 590 |
_aBATCH-UPD _b10 _c20130110 _lUCH01 _h1418 |
||
| 590 |
_aBATCH-UPD _b10 _c20130410 _lUCH01 _h0901 |
||
| 590 |
_aBATCH-UPD _b10 _c20130914 _lUCH01 _h0824 |
||
| 590 |
_aCONVERSION _b10 _c20130109 _lUCH01 _h1304 |
||
| 650 | 1 | 4 |
_aCaminos _xPlaneación. _917866 |
| 650 | 1 | 4 |
_aCuencas. _930085 |
| 650 | 1 | 4 |
_aSuelos _xConservación. _9110283 |
| 830 | 0 |
_aFAO. Guías de conservación _v; 13/5 _939581 |
|
| 901 | _aBK | ||
| 942 | _cLIBRO | ||
| 949 |
_a631.7 F5y v.5 _bBC _cLIBRO _d-15058 _eLIBRO _h80054 _i5476 _si |
||
| 999 |
_c5284 _d5284 |
||